Participantes da Copa Centro-Americana da Concacaf 2023 - Statistics

Estatísticas Gerais
  • Esse quiz foi jogado 7 vezes
  • A pontuação média é 10 de 20
Estatísticas das Respostas
Cidade Estádio Equipe % Correto
San José, Costa Rica Ricardo Saprissa Aymá Saprissa
100%
Alajuela, Costa Rica Alejandro Morera Soto Alajuelense
83%
Cidade da Guatemala Doroteo Guamuch Flores Comunicaciones
67%
Heredia, Costa Rica Eladio Rosabal Cordero Herediano
67%
Jocoro, El Salvador Tierra de Fuego Jocoro
67%
Estelí, Nicarágua Independencia Real Estelí
67%
La Chorrera, Panamá Agustín Sánchez Independiente
50%
Tegucigalpa, Honduras Chelato Uclés Olimpia
50%
San Miguelito, Panamá Los Andes Sporting San Miguelito
50%
San Miguel, El Salvador Juan Francisco Barraza Aguila
33%
Cartago, Costa Rica Fello Meza Cartaginés
33%
Cobán, Guatemala José Ángel Rossi Cobán Imperial
33%
Santa Ana, El Salvador Óscar Alberto Quiteño Deportivo FAS
33%
Diriamba, Nicarágua Cacique Diriangén Diriangén
33%
Tegucigalpa, Honduras Chelato Uclés Motagua
33%
Juticalpa, Honduras Juan Ramón Brevé Vargas Olancho
33%
San Pedro Sula, Honduras Morazán Real España
33%
Penonomé, Panamá Universidad Latina Universitario
33%
San Ignacio, Belize Norman Broaster Verdes
33%
Quetzaltenango, Guatemala Mario Camposeco Xelajú
33%
Nenhum quiz correspondente encontrado
Distribuição das Pontuações
Porcentagem de Pessoas com Cada Pontuação
Percentil de Números Respondidos
Sua Pontuação Histórica
Você não jogou esse quiz